Le petit Duc (Record no. 155409)

MARC details
000 -LEADER
campo de control de longitud fija 00653nam a22001695i 4500
001 - NÚMERO DE CONTROL
campo de control 155409
003 - IDENTIFICADOR DE NÚMERO DE CONTROL
campo de control ES-MaACL
005 - FECHA Y HORA DE LA ÚLTIMA TRANSACCIÓN
campo de control 20230906210050.0
008 - DATOS DE LONGITUD FIJA--INFORMACIÓN GENERAL
campo de control de longitud fija 040721q18961900fr |||| | fre d
040 ## - FUENTE DE CATALOGACIÓN
Centro catalogador/agencia de origen CAM
Lengua de catalogación spa
Centro/agencia transcriptor CAM
100 1# - ENTRADA PRINCIPAL--NOMBRE DE PERSONA
Nombre de persona Hervieu, Paul.
9 (RLIN) 63430
245 13 - MENCIÓN DEL TÍTULO
Título Le petit Duc
Resto del título : figures falotes et figures sombres /
Mención de responsabilidad, etc. Paul Hervieu.
260 ## - PUBLICACIÓN, DISTRIBUCIÓN, ETC.
Lugar de publicación, distribución, etc. Paris ;
-- New-York :
Nombre del editor, distribuidor, etc. Alphonse Lemerre éditeur,
Fecha de publicación, distribución, etc. [s.a.] (
Lugar de fabricación/manufactura Imprimerie de Lagny :
Fabricante Emile Colin)
300 ## - DESCRIPCIÓN FÍSICA
Extensión 296 p. ;
Dimensiones 18 cm.
596 ## - NOTA AL PIE DE IMPRENTA
NOTA AL PIE DE IMPRENTA El catálogo de la Library of Congress fecha una ed. de esta obra en 1896.
852 ## - LOCALIZACIÓN
Ubicación ES-MaACL
Número de control de estantería G-15850
Nota libre -- Enc. hol. conservando la cub. original
Holdings
Estatus retirado Estado de pérdida Estado de daño No para préstamo Biblioteca de origen Biblioteca actual Ubicación en estantería Fecha de adquisición Fuente de adquisición Total de préstamos Signatura topográfica completa Código de barras Visto por última vez Precio de reemplazo Tipo de ítem Koha
        Biblioteca del Ateneo de Madrid Biblioteca del Ateneo de Madrid Sala Pecera Planta 3 17/01/2008     G-15850 1162562 23/02/2023 23/02/2023 Libro impreso